Statistics for Pitch Perfect

Click here to take the quiz!

General Stats

  • This quiz has been taken 135 times
  • The average score is 6 of 13

Answer Stats

Hint Answer % Correct
What is Fat Amy's real name?Fat Patricia
90%
What movie did Jesse try to get Beca to watch?The Breakfast Club
84%
Who is the leader of the boy's group?Bumper
81%
What kind of music do they all sing?Acapella
76%
Who has "a lot of sex"?Stacie
62%
What is the name of the University the two main groups attend?Barden University
56%
What song did Beca interrupt the Bellas' set with?Bulletproof
53%
What song do the Bellas start with when they're performing?The Sign
38%
What kind of problem does Cynthia Rose have?Gambling problem
37%
Bumper has his own line of what?Sports sandals
11%
What group got disqualified due to a member only being in High School?The Footnotes
10%
What is the girl's group called?Barden Bellas
0%
What is the boy's group called?Treblemakers
0%

Score Distribution

Percentile by Number Answered

Percent of People with Each Score

Your Score History

You have not taken this quiz